Central Library OPAC University of Rajshahi

সাংবাদিক মুজিবর রহমান / (Record no. 41520)

MARC details
000 -LEADER
fixed length control field 00890nam a2200253 a 4500
001 - CONTROL NUMBER
control field 41520
003 - CONTROL NUMBER IDENTIFIER
rucl marc code BD-RjUL
005 - DATE AND TIME OF LATEST TRANSACTION
control field 20211209160751.0
008 - FIXED-LENGTH DATA ELEMENTS--GENERAL INFORMATION
fixed length control field 160601s1967 bg ||||| |||| 00| 0dben d
020 ## - INTERNATIONAL STANDARD BOOK NUMBER
Terms of availability : PRs. 3.50
035 ## - SYSTEM CONTROL NUMBER
System control number (BD-RjUL)41638
040 ## - CATALOGING SOURCE
Original cataloging agency BD-RjUL
Language of cataloging ben
Transcribing agency BD-RjUL
041 ## - LANGUAGE CODE
Language code of text/sound track or separate title ben
082 ## - DEWEY DECIMAL CLASSIFICATION NUMBER
Edition number 23
Classification number 920.5
Author mark and year FAS 1967
100 1# - MAIN ENTRY--PERSONAL NAME
Personal name ফজল, আবুল
9 (RLIN) 127596
245 10 - TITLE STATEMENT
Title সাংবাদিক মুজিবর রহমান /
Statement of responsibility, etc. আবুল ফজল
260 ## - PUBLICATION, DISTRIBUTION, ETC. (IMPRINT)
Place of publication, distribution, etc. ঢাকা :
Name of publisher, distributor, etc. বাঙলা একাডেমী,
Date of publication, distribution, etc. ১৯৬৭
300 ## - PHYSICAL DESCRIPTION
Pagination [১০], ১১৬ পৃ. ;
Size ২১ সেমি.
600 ## - SUBJECT ADDED ENTRY--PERSONAL NAME
Personal name রহমান, মুজিবর
General subdivision জীবনী
Personal name Rahman, Mujibar
General subdivision Biography
650 ## - SUBJECT ADDED ENTRY--TOPICAL TERM
Topical term or geographic name as entry element সাংবাদিক
General subdivision জীবনী
9 (RLIN) 122450
Topical term or geographic name as entry element Journalist
General subdivision Biography
9 (RLIN) 127599
942 ## - ADDED ENTRY ELEMENTS (KOHA)
Source of classification or shelving scheme Dewey Decimal Classification
Koha item type Books
Holdings
Lost status Source of classification or shelving scheme Damaged status Not for loan Collection code Permanent Location Current Location Shelving location Date acquired Source of acquisition Cost, normal purchase price Full call number Date last seen Copy number Koha item type
  Dewey Decimal Classification     Non-fiction Central Library, University of Rajshahi Central Library, University of Rajshahi General Stacks 14/01/1975 Bangla Academy, Dhaka 3.50 B 920.5 FAS 1967 01/06/2016 C-2 Books